000 00597nam a2200205 a 4500
001 BRCA_2720
005 20190320203934.0
008 031208s1946----nyua---###---#000-0#eng-u
050 4 _aND588
_b.K87D8 1946
100 1 _aDürer, Albrecht
_d1471-1528
_948
245 1 0 _aThe complete woodcuts of Albrecht Dürer
_cedited by Willi Kurth.
260 _aNew York
_bCrown
_c1946
300 _a42 p.
_bil., [107] láminas
_c31 cm.
500 _aAA59
650 1 4 _aGrabados en madera
_97689
650 1 4 _aGrabadores alemanes
_97216
700 1 _aKurth, Willi
_eed.
_97690
902 _aGFM
942 _2lcc
_cB
999 _c2460
_d2460